000 00490nam a22001817a 4500
999 _c258
_d258
003 OSt
005 20180811113446.0
008 180811b ||||| |||| 00| 0 eng d
020 _a1841010979
040 _cDLC
082 _a220.9
_bO34T
100 _aOgden, Brain
245 _aThere is a Catch in it and Other stories from the Bible
_cBrain Ogden
260 _aOxford
_bThe Bible Reading Fellowship
_cc2000
300 _a91 p.:
_bill;
650 _aBible Stories- English
942 _2ddc
_cBK